000 00470nam a22001817a 4500
003 CEME
005 20210628203356.0
008 210305b xxu||||| |||| 00| 0 eng d
020 _a0-14-062060-5
040 _c.
082 _a808.83 HAR
100 _aHardy, Thomas
_927910
245 _aJude the obscure
260 _aNEW YORK
_bPENGUIN BOOKS
_c1994
300 _aXI,489P
650 _aENGLISH LITERATURE-FICTION.PENGUINE POPULAR CLASSIC
_964803
942 _cBK
_2ddc
999 _c573378
_d573378